[Event "SUI-chT"]
[Site "Switzerland"]
[Date "2022.09.04"]
[Round "5.4"]
[White "Gaehwiler, Gabriel"]
[Black "Stysiak, Szymon"]
[Result "1-0"]
[WhiteElo "2418"]
[BlackElo "2196"]
[PlyCount "73"]
[EventDate "2022.05.01"]
[EventType "team-tourn"]
[EventRounds "9"]
[EventCountry "SUI"]
[SourceTitle "EXT 2023"]
[Source "ChessBase"]
[SourceDate "2022.10.05"]
[SourceVersion "1"]
[SourceVersionDate "2022.10.05"]
[SourceQuality "1"]
[WhiteTeam "Luzern"]
[BlackTeam "Wollishofen"]
[WhiteTeamCountry "SUI"]
[BlackTeamCountry "SUI"]

1. d4 Nf6 2. c4 e6 3. g3 c5 4. Nf3 cxd4 5. Nxd4 a6 6. Bg2 Qc7 7. b3 Nc6 8. Bb2 Bb4+ 9. Nc3 Qe5 10. e3 Ne4 11. Rc1 Nxc3 12. Bxc3 Bxc3+ 13. Rxc3 Nxd4 14. Qxd4 Qxd4 15. exd4 d6 16. f4 0-0 17. d5 Re8 18. dxe6 Bxe6 19. Kf2 Bg4 20. h3 Be6 21. Bxb7 Rab8 22. Bg2 Rb6 23. Rd1 Kf8 24. Re3 a5 25. f5 Bxf5 26. Rxe8+ Kxe8 27. Rd5 Bb1 28. Rxa5 Ke7 29. Ra7+ Kf6 30. Bd5 Bg6 31. Rb7 Rxb7 32. Bxb7 Bb1 33. a4 Ke7 34. a5 Kd7 35. b4 Bf5 36. b5 Be6 37. b6 1-0

[Event "Titled Tuesday intern op 25th Jan"]
[Site "Chess.com INT"]
[Date "2022.01.25"]
[Round "1"]
[White "Stysiak, Szymon"]
[Black "Bilan, Danila"]
[Result "0-1"]
[WhiteElo "2187"]
[BlackElo "2303"]
[PlyCount "84"]
[EventDate "2022.01.25"]
[EventType "swiss (blitz)"]
[EventRounds "11"]
[EventCountry "USA"]
[SourceTitle "CBM 206 Extra"]
[Source "ChessBase"]
[SourceDate "2022.03.31"]
[SourceVersion "1"]
[SourceVersionDate "2022.03.31"]
[SourceQuality "1"]

1. d4 d5 2. c4 c6 3. Nf3 Nf6 4. c5 Bf5 5. Bf4 e6 6. h3 h6 7. Nc3 Nbd7 8. e3 Ne4 9. Bd3 Nxc3 10. bxc3 Bxd3 11. Qxd3 b6 12. cxb6 axb6 13. e4 Be7 14. 0-0 b5 15. a4 bxa4 16. c4 0-0 17. cxd5 cxd5 18. exd5 exd5 19. Qb5 Ra5 20. Qc6 Qc8 21. Rfc1 Qxc6 22. Rxc6 Bf6 23. Ra3 Be7 24. Ra2 a3 25. Bc7 Ra4 26. Bd6 Bxd6 27. Rxd6 Nf6 28. Rb6 Ne4 29. Rb3 Rfa8 30. Kf1 Nd6 31. Ne5 f6 32. Nd3 Nc4 33. Nc5 R4a7 34. Ke2 Re7+ 35. Kd3 Rae8 36. Na4 Re1 37. Nc3 Rg1 38. g3 Nb2+ 39. Kc2 Nc4 40. Kd3 Kh7 41. Nxd5 Nb2+ 42. Kc3 Rc1+ 0-1

[Event "Titled Tuesday intern op 25th Jan"]
[Site "Chess.com INT"]
[Date "2022.01.25"]
[Round "2"]
[White "Stysiak, Szymon"]
[Black "Ozates, Tuna"]
[Result "0-1"]
[WhiteElo "2187"]
[BlackElo "2217"]
[PlyCount "66"]
[EventDate "2022.01.25"]
[EventType "swiss (blitz)"]
[EventRounds "11"]
[EventCountry "USA"]
[SourceTitle "CBM 206 Extra"]
[Source "ChessBase"]
[SourceDate "2022.03.31"]
[SourceVersion "1"]
[SourceVersionDate "2022.03.31"]
[SourceQuality "1"]

1. d4 Nf6 2. c4 g6 3. Nc3 Bg7 4. e4 d6 5. f3 0-0 6. Be3 Nc6 7. Nge2 a6 8. g4 h5 9. g5 Nd7 10. f4 e6 11. Bg2 Rb8 12. 0-0 b5 13. cxb5 axb5 14. Rc1 Na5 15. b3 c5 16. d5 exd5 17. Nxd5 Re8 18. Qd2 Nc6 19. Rfd1 Ba6 20. h4 b4 21. Ng3 Nd4 22. Kh2 Bb7 23. Ne2 Bxd5 24. exd5 Nxe2 25. Qxe2 Qe7 26. Rd3 Bd4 27. Re1 Bc3 28. Rf1 c4 29. bxc4 Nc5 30. Rxc3 bxc3 31. Rf3 Rb2 32. Qd1 c2 33. Qc1 Nd3 0-1

[Event "Titled Tuesday intern op 25th Jan"]
[Site "Chess.com INT"]
[Date "2022.01.25"]
[Round "10"]
[White "Wahedi, Ahmad Siar"]
[Black "Stysiak, Szymon"]
[Result "1-0"]
[WhiteElo "2284"]
[BlackElo "2187"]
[PlyCount "43"]
[EventDate "2022.01.25"]
[EventType "swiss (blitz)"]
[EventRounds "11"]
[EventCountry "USA"]
[SourceTitle "CBM 206 Extra"]
[Source "ChessBase"]
[SourceDate "2022.03.31"]
[SourceVersion "1"]
[SourceVersionDate "2022.03.31"]
[SourceQuality "1"]

1. c4 e6 2. e4 d5 3. cxd5 exd5 4. exd5 Nf6 5. Bb5+ Bd7 6. Bc4 Bd6 7. Qe2+ Be7 8. Nf3 0-0 9. 0-0 Re8 10. h3 a6 11. d4 b5 12. Bb3 Bf5 13. Nc3 Nbd7 14. Ne5 Nb6 15. Qf3 Bg6 16. Bg5 Qd6 17. Bf4 Nh5 18. Nxg6 Qxg6 19. Bxc7 Nc4 20. Rad1 Bd6 21. Bxd6 Qxd6 22. Qxh5 1-0

[Event "Titled Tuesday intern op 18th Jan"]
[Site "Chess.com INT"]
[Date "2022.01.18"]
[Round "7"]
[White "Stysiak, Szymon"]
[Black "Aketayeva, Dana"]
[Result "0-1"]
[WhiteElo "2187"]
[BlackElo "2130"]
[PlyCount "92"]
[EventDate "2022.01.18"]
[EventType "swiss (blitz)"]
[EventRounds "11"]
[EventCountry "USA"]
[SourceTitle "CBM 206 Extra"]
[Source "ChessBase"]
[SourceDate "2022.03.31"]
[SourceVersion "1"]
[SourceVersionDate "2022.03.31"]
[SourceQuality "1"]

1. d4 Nf6 2. c4 e6 3. Nf3 c5 4. d5 exd5 5. cxd5 d6 6. Nc3 g6 7. Bf4 Bg7 8. Qa4+ Bd7 9. Qb3 Bc8 10. Nd2 0-0 11. Nc4 Ne8 12. e3 a6 13. a4 Qe7 14. Be2 Nd7 15. 0-0 Ne5 16. Nb6 Rb8 17. a5 Nc7 18. h3 Bd7 19. Bg3 Qg5 20. Rad1 Rfd8 21. Ne4 Qe7 22. Nxc5 Bb5 23. Bxb5 Nxb5 24. Nd3 Nxd3 25. Rxd3 Qe4 26. Rfd1 Be5 27. f4 Bf6 28. Bf2 g5 29. Qc4 Qxc4 30. Nxc4 Rbc8 31. b3 Nc3 32. R1d2 Ne4 33. Rc2 Nc5 34. Rd1 Nxb3 35. g4 Nxa5 36. Rdc1 Nxc4 37. Rxc4 Rxc4 38. Rxc4 b5 39. Rc6 b4 40. fxg5 Bxg5 41. Rxa6 Rb8 42. Ra1 b3 43. Rb1 Bf6 44. Bg3 b2 45. Bxd6 Ra8 46. Be7 Ra1 0-1

[Event "POL-chT 2nd League"]
[Site "Sypniewo"]
[Date "2021.09.12"]
[Round "9.7"]
[White "Stysiak, Szymon"]
[Black "Piesik, Piotr"]
[Result "0-1"]
[WhiteElo "2193"]
[BlackElo "2404"]
[PlyCount "112"]
[EventDate "2021.09.04"]
[EventType "team-swiss"]
[EventRounds "9"]
[EventCountry "POL"]
[SourceTitle "CBM 204 Extra"]
[Source "ChessBase"]
[SourceDate "2021.11.30"]
[SourceVersion "1"]
[SourceVersionDate "2021.11.30"]
[SourceQuality "1"]
[WhiteTeam "Zory Roszada"]
[BlackTeam "Gliwice Politechnika Slaska"]
[WhiteTeamCountry "POL"]
[BlackTeamCountry "POL"]

1. e4 c6 2. c4 e5 3. Ne2 Nf6 4. Ng3 Bc5 5. Be2 0-0 6. 0-0 d5 7. d3 dxe4 8. dxe4 Qc7 9. Nd2 a5 10. b3 a4 11. bxa4 Bd4 12. Rb1 Rd8 13. Qc2 Na6 14. Ba3 Bc5 15. Bxc5 Nxc5 16. Nb3 Qe7 17. a5 g6 18. Rfd1 Rxd1+ 19. Bxd1 h5 20. Bf3 Ne6 21. Qd2 Nd7 22. Qh6 h4 23. Nf1 Ndc5 24. Nfd2 h3 25. Bg4 hxg2 26. Nf3 Qf6 27. Nxc5 Nxc5 28. Bxc8 Qxf3 29. Bxb7 Qxe4 30. Bxa8 Qxb1+ 31. Kxg2 Ne6 32. Qd2 Qe4+ 33. f3 Nf4+ 34. Kg3 Qxc4 35. Qe1 Qa6 36. Bxc6 Qxc6 37. Qxe5 Nh5+ 38. Kf2 Qc2+ 39. Ke3 Qxa2 40. Qb5 Qa3+ 41. Kd4 Qd6+ 42. Kc4 Nf4 43. a6 Ne6 44. Qb7 Qd4+ 45. Kb5 Qb2+ 46. Ka5 Qa3+ 47. Kb5 Qb3+ 48. Ka5 Qc3+ 49. Kb5 Nd4+ 50. Kb6 Qb4+ 51. Kc7 Qc5+ 52. Kd7 Qf5+ 53. Ke8 Nb5 54. Qd7 Qe5+ 55. Kd8 Qf6+ 56. Qe7 Qxa6 0-1

[Event "POL-chT 2nd League"]
[Site "Sypniewo"]
[Date "2021.09.06"]
[Round "3.7"]
[White "Mickiewicz, Piotr"]
[Black "Stysiak, Szymon"]
[Result "1-0"]
[WhiteElo "2308"]
[BlackElo "2193"]
[PlyCount "67"]
[EventDate "2021.09.04"]
[EventType "team-swiss"]
[EventRounds "9"]
[EventCountry "POL"]
[SourceTitle "CBM 204 Extra"]
[Source "ChessBase"]
[SourceDate "2021.11.30"]
[SourceVersion "1"]
[SourceVersionDate "2021.11.30"]
[SourceQuality "1"]
[WhiteTeam "Zielonka Zieloni"]
[BlackTeam "Zory Roszada"]
[WhiteTeamCountry "POL"]
[BlackTeamCountry "POL"]

1. e4 e6 2. d4 d5 3. Nd2 Nf6 4. e5 Nfd7 5. c3 c5 6. Bd3 Nc6 7. Ndf3 cxd4 8. cxd4 f6 9. exf6 Bb4+ 10. Bd2 Qxf6 11. Bxb4 Nxb4 12. Ne2 0-0 13. 0-0 e5 14. dxe5 Nxe5 15. Nxe5 Qxe5 16. Nd4 Kh8 17. Bb5 Qd6 18. Qd2 Nc6 19. Rac1 Ne5 20. Be2 Bd7 21. Rfd1 Rf6 22. g3 Rd8 23. b3 a6 24. Rc3 Qb6 25. Re3 Ng4 26. Bxg4 Bxg4 27. Rde1 Bh5 28. Re6 Rxe6 29. Rxe6 Qc5 30. Qg5 Rf8 31. Qxh5 Qxd4 32. Qf7 Rxf7 33. Re8+ Rf8 34. Rxf8# 1-0

[Event "POL-chT 2nd League"]
[Site "Sypniewo"]
[Date "2021.09.05"]
[Round "2.5"]
[White "Stysiak, Szymon"]
[Black "Bebel, Arkadiusz"]
[Result "1/2-1/2"]
[WhiteElo "2193"]
[BlackElo "2294"]
[PlyCount "49"]
[EventDate "2021.09.04"]
[EventType "team-swiss"]
[EventRounds "9"]
[EventCountry "POL"]
[SourceTitle "CBM 204 Extra"]
[Source "ChessBase"]
[SourceDate "2021.11.30"]
[SourceVersion "1"]
[SourceVersionDate "2021.11.30"]
[SourceQuality "1"]
[WhiteTeam "Zory Roszada"]
[BlackTeam "Warszawa Mogalo"]
[WhiteTeamCountry "POL"]
[BlackTeamCountry "POL"]

1. d4 Nf6 2. c4 e6 3. Nf3 d5 4. Nc3 Bb4 5. cxd5 exd5 6. Bg5 h6 7. Bh4 0-0 8. Rc1 g5 9. Bg3 Ne4 10. Nd2 Nxd2 11. Qxd2 c5 12. a3 Ba5 13. Bxb8 Rxb8 14. h4 Re8 15. hxg5 cxd4 16. Qxd4 Qxg5 17. Rd1 Bf5 18. b4 Bb6 19. Qh4 Qg7 20. Nxd5 Bc2 21. Rc1 Rbc8 22. Qxh6 Bd4 23. Qxg7+ Kxg7 24. Kd2 Bb3 25. Rxc8 1/2-1/2

[Event "SUI-chT"]
[Site "Switzerland"]
[Date "2021.08.29"]
[Round "1.4"]
[White "Stysiak, Szymon"]
[Black "Gaehwiler, Gabriel"]
[Result "1/2-1/2"]
[WhiteElo "2193"]
[BlackElo "2402"]
[PlyCount "60"]
[EventDate "2021.08.29"]
[EventType "team-tourn"]
[EventRounds "9"]
[EventCountry "SUI"]
[SourceTitle "CBM 204 Extra"]
[Source "ChessBase"]
[SourceDate "2021.11.30"]
[SourceVersion "1"]
[SourceVersionDate "2021.11.30"]
[SourceQuality "1"]
[WhiteTeam "Wollishofen"]
[BlackTeam "Luzern"]
[WhiteTeamCountry "SUI"]
[BlackTeamCountry "SUI"]

1. d4 Nf6 2. c4 g6 3. Nc3 Bg7 4. e4 d6 5. f3 0-0 6. Be3 c5 7. Nge2 Nc6 8. Qd2 Qa5 9. Rd1 e5 10. dxc5 dxc5 11. Nd5 Qxd2+ 12. Rxd2 Nd4 13. Nec3 Be6 14. Bd3 Ne8 15. 0-0 f5 16. f4 Bxd5 17. Nxd5 fxe4 18. Bxd4 cxd4 19. Bxe4 Nd6 20. Re2 Nxe4 21. Rxe4 exf4 22. Nxf4 Rac8 23. b3 b5 24. Nd5 Rcd8 25. Rxf8+ Rxf8 26. Rf4 Re8 27. Kf2 bxc4 28. bxc4 d3 29. Rf3 Re2+ 30. Kf1 Rxa2 1/2-1/2

[Event "World Corporate East E"]
[Site "Chess.com INT"]
[Date "2021.02.19"]
[Round "1.6"]
[White "Stysiak, Szymon"]
[Black "Van der Graaf, Andre"]
[Result "1-0"]
[WhiteElo "2193"]
[BlackElo "1877"]
[PlyCount "77"]
[EventDate "2021.02.19"]
[EventType "team (rapid)"]
[EventRounds "7"]
[EventCountry "USA"]
[SourceTitle "EXT 2022"]
[Source "ChessBase"]
[SourceDate "2021.10.06"]
[SourceVersion "1"]
[SourceVersionDate "2021.10.06"]
[SourceQuality "1"]
[WhiteTeam "Credit Suisse"]
[BlackTeam "GoodtobeBetter"]
[WhiteTeamCountry "SUI"]
[BlackTeamCountry "NED"]

1. d4 Nf6 2. c4 e5 3. dxe5 Ng4 4. Bf4 Nc6 5. Nf3 Bb4+ 6. Nbd2 Qe7 7. a3 Ngxe5 8. Nxe5 Nxe5 9. e3 Bxd2+ 10. Qxd2 d6 11. Be2 Bf5 12. Rc1 0-0 13. 0-0 Rac8 14. Qc3 Rfd8 15. b4 f6 16. Bg3 Kh8 17. Rfe1 Qe6 18. f3 Re8 19. e4 Bg6 20. f4 Nxc4 21. Bxc4 Qd7 22. Qd4 a6 23. e5 fxe5 24. fxe5 d5 25. Qxd5 Qxd5 26. Bxd5 c6 27. Bf3 Rc7 28. Rcd1 Rce7 29. Rd6 h6 30. Red1 Bc2 31. R1d2 Bb3 32. Rd7 Kg8 33. Rxe7 Rxe7 34. Bh5 Kh7 35. Rd6 Bc2 36. Be2 Bb3 37. Bd3+ Kg8 38. Bg6 Bf7 39. Rd8+ 1-0

[Event "POL-chT 2nd League"]
[Site "Szklarska Poreba"]
[Date "2017.09.07"]
[Round "6.14"]
[White "Nowicki, Bartosz"]
[Black "Stysiak, Szymon"]
[Result "1-0"]
[WhiteElo "2261"]
[BlackElo "2191"]
[PlyCount "87"]
[EventDate "2017.09.02"]
[EventType "team-swiss"]
[EventRounds "9"]
[EventCountry "POL"]
[SourceTitle "CBM 180 Extra"]
[Source "ChessBase"]
[SourceDate "2017.10.06"]
[SourceVersion "1"]
[SourceVersionDate "2017.10.06"]
[SourceQuality "1"]
[WhiteTeam "Minsk Mazowiecki MTSz"]
[BlackTeam "Roszada Zory"]
[WhiteTeamCountry "POL"]
[BlackTeamCountry "POL"]

1. e4 e6 2. d4 d5 3. Nc3 Bb4 4. e5 c5 5. a3 Bxc3+ 6. bxc3 Ne7 7. a4 Qc7 8. Nf3 b6 9. Bb5+ Bd7 10. Be2 Nbc6 11. 0-0 Na5 12. Qd2 h6 13. Ra2 Bc6 14. Qf4 c4 15. h4 Qd7 16. h5 Rg8 17. Ba3 Bxa4 18. Nh4 b5 19. g4 g5 20. hxg6 Nxg6 21. Qxh6 0-0-0 22. Nxg6 Rxg6 23. Qh4 Nc6 24. Kg2 Rdg8 25. f4 Qd8 26. Qxd8+ Kxd8 27. Rh1 f6 28. Kf2 f5 29. g5 R6g7 30. Bc5 a6 31. Raa1 Ne7 32. Rh6 Rg6 33. Rah1 Rxh6 34. Rxh6 Ng6 35. Ke3 b4 36. cxb4 Be8 37. Bh5 Bf7 38. Rh7 Ke8 39. Bd6 Nh8 40. Bd1 Ng6 41. c3 Ne7 42. Ba4+ Kf8 43. Bd7 Rg6 44. Rh6 1-0

[Event "POL-chT1"]
[Site "Mrzezyno"]
[Date "2011.09.11"]
[Round "9"]
[White "Betkowski, Andrzej"]
[Black "Stysiak, Szymon"]
[Result "1/2-1/2"]
[WhiteElo "2185"]
[BlackElo "2220"]
[PlyCount "87"]
[EventDate "2011.09.03"]
[EventType "team-tourn"]
[EventRounds "9"]
[EventCountry "POL"]
[SourceTitle "CBM 144 Extra"]
[Source "ChessBase"]
[SourceDate "2011.10.28"]
[SourceVersion "1"]
[SourceVersionDate "2011.10.28"]
[SourceQuality "1"]
[WhiteTeam "Krakow TKKF Drogowiec"]
[BlackTeam "Raciborz Silesia"]
[WhiteTeamCountry "POL"]
[BlackTeamCountry "POL"]

1. d4 g6 2. e4 c6 3. Nc3 d5 4. Be3 Bg7 5. Qd2 dxe4 6. Nxe4 Nf6 7. Nxf6+ Bxf6 8. Nf3 0-0 9. Bc4 Bg7 10. Bh6 Nd7 11. h4 Bxh6 12. Qxh6 Qa5+ 13. c3 Qh5 14. Qxh5 gxh5 15. 0-0-0 Nb6 16. Bb3 Bf5 17. Rde1 e6 18. Bc2 Bg6 19. Ne5 Rfd8 20. Rh3 Nd7 21. Nxd7 Rxd7 22. Re5 Rd5 23. Rhe3 Rad8 24. Bb3 Rxe5 25. Rxe5 Kg7 26. Bd1 Rd5 27. Rxd5 cxd5 28. Kd2 f6 29. Bf3 b6 30. b3 Kf7 31. c4 dxc4 32. bxc4 Ke7 33. Kc3 Kd6 34. Kb4 Be8 35. c5+ Kc7 36. d5 exd5 37. cxb6+ axb6 38. Bxd5 Kd6 39. Be4 Ke5 40. Bxh7 Kf4 41. Bd3 Kg4 42. Bb5 Bf7 43. Bc4 Be8 44. Bb5 1/2-1/2

[Event "POL-chT 1st League"]
[Site "Katowice"]
[Date "2010.09.08"]
[Round "5"]
[White "Stysiak, Szymon"]
[Black "Chalupnik, Marcin"]
[Result "1-0"]
[WhiteElo "2211"]
[BlackElo "2247"]
[PlyCount "49"]
[EventDate "2010.09.04"]
[EventType "team-tourn"]
[EventRounds "9"]
[EventCountry "POL"]
[SourceTitle "EXT 2019"]
[Source "ChessBase"]
[SourceDate "2018.10.10"]
[SourceVersion "1"]
[SourceVersionDate "2018.10.10"]
[SourceQuality "1"]
[WhiteTeam "Raciborz Silesia"]
[BlackTeam "Warszawa YMCA"]
[WhiteTeamCountry "POL"]
[BlackTeamCountry "POL"]

1. d4 Nf6 2. c4 c5 3. d5 b5 4. cxb5 a6 5. b6 Qxb6 6. Nc3 d6 7. Nf3 g6 8. Nd2 Bg7 9. e4 0-0 10. Be2 Nbd7 11. Nc4 Qc7 12. h4 Nb6 13. Ne3 e6 14. h5 Bb7 15. hxg6 hxg6 16. Ng4 Nxg4 17. Bxg4 exd5 18. Nxd5 Nxd5 19. exd5 Rfe8+ 20. Kf1 Re4 21. Bh6 Bxb2 22. Qc2 Bxa1 23. Qxe4 Qd8 24. Qb1 Bd4 25. Qxg6+ 1-0

[Event "POL-chT 1st League"]
[Site "Katowice"]
[Date "2010.09.05"]
[Round "2"]
[White "Panas, Pawel"]
[Black "Stysiak, Szymon"]
[Result "1-0"]
[WhiteElo "2194"]
[BlackElo "2211"]
[PlyCount "87"]
[EventDate "2010.09.04"]
[EventType "team-tourn"]
[EventRounds "9"]
[EventCountry "POL"]
[SourceTitle "EXT 2019"]
[Source "ChessBase"]
[SourceDate "2018.10.10"]
[SourceVersion "1"]
[SourceVersionDate "2018.10.10"]
[SourceQuality "1"]
[WhiteTeam "Lublin Drakon SKOK Chmielewskiego"]
[BlackTeam "Raciborz Silesia"]
[WhiteTeamCountry "POL"]
[BlackTeamCountry "POL"]

1. Nf3 d5 2. d4 Nf6 3. e3 c6 4. c4 e6 5. Nbd2 Nbd7 6. b3 Bd6 7. Bb2 0-0 8. Bd3 Re8 9. 0-0 e5 10. dxe5 Nxe5 11. Be2 Qe7 12. h3 Bd7 13. Qc2 Rad8 14. Rfd1 Bb8 15. Rac1 a6 16. Bd4 Nxf3+ 17. Bxf3 Ne4 18. Bb6 Qe5 19. Nxe4 dxe4 20. Bxe4 Qh2+ 21. Kf1 Bc7 22. Bxh7+ Kh8 23. Bxc7 Qxc7 24. Bf5 Re5 25. Bxd7 Rxd7 26. Rxd7 Qxd7 27. Rd1 Qe7 28. Qd3 g6 29. Qd8+ Kg7 30. Qxe7 Rxe7 31. Ke2 Kf6 32. f4 Ke6 33. e4 Re8 34. Kf3 a5 35. c5 Ra8 36. Rd4 Ra6 37. e5 Ke7 38. g4 Ra8 39. h4 Rh8 40. Kg3 Ra8 41. g5 Ra6 42. f5 Ra8 43. Rd6 gxf5 44. h5 1-0

[Event "POL-chT 2nd League"]
[Site "Miedzyzdroje"]
[Date "2009.09.20"]
[Round "9"]
[White "Stysiak, Szymon"]
[Black "Lewicki, Miroslaw"]
[Result "1-0"]
[WhiteElo "2246"]
[BlackElo "2007"]
[PlyCount "103"]
[EventDate "2009.09.12"]
[EventType "team-swiss"]
[EventRounds "9"]
[EventCountry "POL"]
[SourceTitle "EXT 2019"]
[Source "ChessBase"]
[SourceDate "2018.10.10"]
[SourceVersion "1"]
[SourceVersionDate "2018.10.10"]
[SourceQuality "1"]
[WhiteTeam "Raciborz KSz Silesia"]
[BlackTeam "Chrzanow UKS SP 8 U19"]
[WhiteTeamCountry "POL"]
[BlackTeamCountry "POL"]

1. Nf3 c5 2. c4 g6 3. Nc3 Bg7 4. d4 cxd4 5. Nxd4 Nc6 6. Nc2 Nf6 7. e3 d6 8. Be2 0-0 9. 0-0 Bd7 10. Rb1 Rc8 11. b3 Bf5 12. Bd3 Bxd3 13. Qxd3 a6 14. Bb2 Qa5 15. a4 Nd7 16. Ba1 Nce5 17. Qd2 Qd8 18. Rfc1 Nc5 19. h3 Nc6 20. Qe2 a5 21. Rd1 Nb4 22. Nd4 Qd7 23. Rd2 f5 24. f3 g5 25. e4 Bxd4+ 26. Rxd4 Nc6 27. Rd2 f4 28. Nd5 Qe6 29. Nb6 Rcd8 30. Rd5 h6 31. Bc3 Qg6 32. Rb2 Ne6 33. Qe1 h5 34. e5 Nc7 35. Rdd2 Qe6 36. Nd5 Na6 37. Re2 Rf7 38. exd6 Qxd6 39. Re6 Qc5+ 40. Kh2 Rd6 41. Nxe7+ Nxe7 42. Rxe7 Nc7 43. Re5 Qc6 44. Rxg5+ Rg6 45. Qe5 Kf8 46. Qh8+ Ke7 47. Qxh5 Re6 48. Rc5 Qd7 49. Rd2 Qc8 50. Qg5+ Ke8 51. Qg8+ Rf8 52. Rxc7 1-0

[Event "POL-chT 2nd League"]
[Site "Miedzyzdroje"]
[Date "2009.09.13"]
[Round "2"]
[White "Swierczewski, Marek"]
[Black "Stysiak, Szymon"]
[Result "0-1"]
[WhiteElo "2174"]
[BlackElo "2246"]
[PlyCount "102"]
[EventDate "2009.09.12"]
[EventType "team-swiss"]
[EventRounds "9"]
[EventCountry "POL"]
[SourceTitle "EXT 2019"]
[Source "ChessBase"]
[SourceDate "2018.10.10"]
[SourceVersion "1"]
[SourceVersionDate "2018.10.10"]
[SourceQuality "1"]
[WhiteTeam "Wroclaw Hetman"]
[BlackTeam "Raciborz KSz Silesia"]
[WhiteTeamCountry "POL"]
[BlackTeamCountry "POL"]

1. e4 e6 2. d4 d5 3. Nc3 Bb4 4. exd5 exd5 5. Bd3 Nc6 6. Nge2 Bg4 7. f3 Bh5 8. a3 Bxc3+ 9. bxc3 Qh4+ 10. g3 Qe7 11. 0-0 Qd7 12. Rb1 Rb8 13. Nf4 Bg6 14. Re1+ Nge7 15. a4 0-0 16. Ba3 Rfe8 17. Bf1 Nf5 18. Bh3 Rxe1+ 19. Qxe1 Re8 20. Qc1 Na5 21. Rb5 Nc4 22. Rxb7 Nxa3 23. Qxa3 Re1+ 24. Kf2 Qe8 25. Rb8 Qxb8 26. Kxe1 Qe8+ 27. Ne2 Ne3 28. Qc1 Nxc2+ 29. Kf2 Qxa4 30. Qg5 Qe8 31. Qxd5 Qe3+ 32. Kf1 h6 33. Bf5 Kh7 34. Bxg6+ fxg6 35. Qe4 Qd2 36. Kg2 Ne3+ 37. Kf2 Nd1+ 38. Kf1 Ne3+ 39. Kf2 Nd1+ 40. Kf1 Nxc3 41. Nxc3 Qxc3 42. f4 Qc4+ 43. Ke1 Qb4+ 44. Kf1 h5 45. Qd3 a5 46. Kg2 Qd6 47. Qc4 c6 48. Kf3 Qd5+ 49. Qxd5 cxd5 50. Ke3 g5 51. f5 g4 0-1

[Event "Rewal op-A 14th"]
[Site "Rewal"]
[Date "2009.08.28"]
[Round "8"]
[White "Stysiak, Szymon"]
[Black "Knap, Jerzy"]
[Result "1-0"]
[WhiteElo "2246"]
[BlackElo "1967"]
[PlyCount "99"]
[EventDate "2009.08.19"]
[EventType "swiss"]
[EventRounds "9"]
[EventCountry "POL"]
[SourceTitle "CBM 131 Extra"]
[Source "ChessBase"]
[SourceDate "2009.09.03"]
[SourceVersion "2"]
[SourceVersionDate "2009.09.16"]
[SourceQuality "1"]

1. d4 d5 2. c4 e6 3. Nc3 Nf6 4. Bg5 Nbd7 5. cxd5 exd5 6. e3 c6 7. Bd3 Be7 8. Qc2 0-0 9. Nf3 Re8 10. h3 Nf8 11. 0-0-0 Ne4 12. Bf4 Nxc3 13. Qxc3 a5 14. g4 a4 15. Kb1 Bd6 16. Be5 Qe7 17. Rdg1 Ng6 18. Bxg6 hxg6 19. Qd3 b5 20. h4 b4 21. Bxd6 Qxd6 22. h5 Qf6 23. Ne5 g5 24. h6 gxh6 25. f4 Ba6 26. Qd2 b3 27. fxg5 hxg5 28. Qh2 Qg7 29. Rg3 f6 30. Nxc6 Bd3+ 31. Ka1 Be4 32. a3 Kf7 33. Rf1 Rh8 34. Rh3 Rxh3 35. Qxh3 Rh8 36. Qg3 Kg6 37. Qd6 Rh3 38. Ne7+ Kh7 39. Nxd5 Bxd5 40. Qxd5 Qe7 41. e4 Kg7 42. Re1 Qc7 43. Qc5 Qd7 44. e5 fxe5 45. Qxe5+ Kg6 46. Rf1 Qc6 47. Qf5+ Kh6 48. Qf8+ Kh7 49. Rf7+ Kg6 50. Qg7# 1-0

[Event "Rewal op-A 14th"]
[Site "Rewal"]
[Date "2009.08.27"]
[Round "7"]
[White "Zysko, Jan"]
[Black "Stysiak, Szymon"]
[Result "1-0"]
[WhiteElo "2228"]
[BlackElo "2246"]
[PlyCount "119"]
[EventDate "2009.08.19"]
[EventType "swiss"]
[EventRounds "9"]
[EventCountry "POL"]
[SourceTitle "CBM 131 Extra"]
[Source "ChessBase"]
[SourceDate "2009.09.03"]
[SourceVersion "2"]
[SourceVersionDate "2009.09.16"]
[SourceQuality "1"]

1. d4 d5 2. Nf3 Nf6 3. c4 e6 4. Nc3 Nbd7 5. g3 c6 6. Bg2 Bd6 7. 0-0 0-0 8. b3 dxc4 9. bxc4 e5 10. e3 exd4 11. exd4 Qa5 12. Qd3 Re8 13. Bd2 Qh5 14. Rfe1 Rxe1+ 15. Rxe1 Nf8 16. c5 Bc7 17. Bg5 Bd8 18. Re5 Qg6 19. Qd2 Ba5 20. Nh4 Bxc3 21. Qd1 Qh5 22. Bf3 Bg4 23. Bxf6 Bxf3 24. Nxf3 Qh3 25. Be7 Ne6 26. Qd3 Ba5 27. Bd6 Rd8 28. Qe4 h6 29. g4 Ng5 30. Nxg5 hxg5 31. Rxg5 Qh7 32. Qxh7+ Kxh7 33. Re5 Rd7 34. Kg2 f6 35. Re4 Kg6 36. f4 Kf7 37. Kf3 Bc7 38. Bxc7 Rxc7 39. f5 Rd7 40. h4 b6 41. Kf4 Rd5 42. cxb6 axb6 43. g5 g6 44. fxg6+ Kxg6 45. Re6 Rxd4+ 46. Kg3 Rd3+ 47. Kg2 Rd2+ 48. Kf3 Rxa2 49. Rxf6+ Kg7 50. Rxc6 Rb2 51. Kg4 b5 52. Kh5 b4 53. Rc7+ Kf8 54. Rb7 b3 55. Rb8+ Kg7 56. Rb7+ Kf8 57. Kg6 Rh2 58. h5 b2 59. h6 Rf2 60. h7 1-0